MARC details
| 000 -LEADER |
| fixed length control field |
01260cam a2200349 a 4500 |
| 001 - CONTROL NUMBER |
| control field |
13601527 |
| 003 - CONTROL NUMBER IDENTIFIER |
| control field |
OSt |
| 005 - DATE AND TIME OF LATEST TRANSACTION |
| control field |
20230620110712.0 |
| 008 - FIXED-LENGTH DATA ELEMENTS--GENERAL INFORMATION |
| fixed length control field |
040521s2004 enk b 001 0 eng |
| 010 ## - LIBRARY OF CONGRESS CONTROL NUMBER |
| LC control number |
2004615623 |
| 020 ## - INTERNATIONAL STANDARD BOOK NUMBER |
| International Standard Book Number |
0406970947 |
| 040 ## - CATALOGING SOURCE |
| Original cataloging agency |
DLC |
| Transcribing agency |
DLC |
| 043 ## - GEOGRAPHIC AREA CODE |
| Geographic area code |
e-uk--- |
| 050 00 - LIBRARY OF CONGRESS CALL NUMBER |
| Classification number |
KD4354 |
| Item number |
.M38 2004 |
| 082 ## - DEWEY DECIMAL CLASSIFICATION NUMBER |
| Classification number |
328.1 |
| Item number |
MAY |
| 100 1# - MAIN ENTRY--PERSONAL NAME |
| Personal name |
May, Thomas Erskine, |
| Dates associated with a name |
1815-1886. |
| 240 10 - UNIFORM TITLE |
| Uniform title |
Treatise on the law, privileges, proceedings, and usage of Parliament |
| 245 10 - TITLE STATEMENT |
| Title |
Erskine May's treatise on the law, privileges, proceedings, and usage of Parliament. |
| 246 1# - VARYING FORM OF TITLE |
| Display text |
Half title: |
| Title proper/short title |
Law, privileges, proceedings, and usage of Parliament |
| 246 14 - VARYING FORM OF TITLE |
| Title proper/short title |
Parliamentary practice |
| 250 ## - EDITION STATEMENT |
| Edition statement |
23rd ed. / |
| Remainder of edition statement |
editor, Sir William McKay ; assistant editors, Frank Cranmer ... [et al.]. |
| 260 ## - PUBLICATION, DISTRIBUTION, ETC. (IMPRINT) |
| Place of publication, distribution, etc. |
London : |
| Name of publisher, distributor, etc. |
LexisNexis UK, |
| Date of publication, distribution, etc. |
2004. |
| 300 ## - PHYSICAL DESCRIPTION |
| Extent |
lxiv, 1138 p. ; |
| Dimensions |
26 cm. |
| 504 ## - BIBLIOGRAPHY, ETC. NOTE |
| Bibliography, etc |
Includes bibliographical references and index. |
| 610 10 - SUBJECT ADDED ENTRY--CORPORATE NAME |
| Corporate name or jurisdiction name as entry element |
Great Britain. |
| Subordinate unit |
Parliament |
| Form subdivision |
Rules and practice. |
| 650 #0 - SUBJECT ADDED ENTRY--TOPICAL TERM |
| Topical term or geographic name as entry element |
Parliamentary practice |
| Geographic subdivision |
Great Britain. |
| 700 1# - ADDED ENTRY--PERSONAL NAME |
| Personal name |
McKay, W. R. |
| 700 1# - ADDED ENTRY--PERSONAL NAME |
| Personal name |
Cranmer, Frank. |
| 906 ## - LOCAL DATA ELEMENT F, LDF (RLIN) |
| a |
7 |
| b |
cbc |
| c |
orignew |
| d |
2 |
| e |
ncip |
| f |
20 |
| g |
y-gencatlg |
| 942 ## - ADDED ENTRY ELEMENTS (KOHA) |
| Source of classification or shelving scheme |
Dewey Decimal Classification |
| Koha item type |
Books |